Normal view MARC view
  • Wells, R. O.

Entry Personal Name

Number of records used in: 2

001 - CONTROL NUMBER

  • control field: 102397

003 - CONTROL NUMBER IDENTIFIER

  • control field: NUST

005 - DATE AND TIME OF LATEST TRANSACTION

  • control field: 20221104153257.0

008 - FIXED-LENGTH DATA ELEMENTS

  • fixed length control field: 221104|| aca||aabn | a|a d

040 ## - CATALOGING SOURCE

  • Original cataloging agency: NUST
  • Transcribing agency: NUST

100 ## - HEADING--PERSONAL NAME

  • Personal name: Wells, R. O.
  • Dates associated with a name: 1940-

670 ## - SOURCE DATA FOUND

  • Source citation: Work cat.: (NUST)181679: Resnikoff, H. L. 102396, Mathematics in civilization /, 1984.
© 2023 Central Library, National University of Sciences and Technology. All Rights Reserved.